<?xml version="1.0" encoding="UTF-8"?><?xml-stylesheet type="text/xsl" href="static/style.xsl"?><OAI-PMH xmlns="http://www.openarchives.org/OAI/2.0/" xmlns:xsi="http://www.w3.org/2001/XMLSchema-instance" xsi:schemaLocation="http://www.openarchives.org/OAI/2.0/ http://www.openarchives.org/OAI/2.0/OAI-PMH.xsd"><responseDate>2026-06-06T03:49:24Z</responseDate><request verb="GetRecord" identifier="oai:riuma.uma.es:10630/3657" metadataPrefix="marc">https://riuma.uma.es/rest/oai/request</request><GetRecord><record><header><identifier>oai:riuma.uma.es:10630/3657</identifier><datestamp>2026-02-03T12:48:40Z</datestamp><setSpec>com_10630_27</setSpec><setSpec>com_10630_3139</setSpec><setSpec>com_10630_10</setSpec><setSpec>col_10630_554</setSpec></header><metadata><record xmlns="http://www.loc.gov/MARC21/slim" xmlns:dcterms="http://purl.org/dc/terms/" xmlns:doc="http://www.lyncode.com/xoai" xmlns:xsi="http://www.w3.org/2001/XMLSchema-instance" xsi:schemaLocation="http://www.loc.gov/MARC21/slim http://www.loc.gov/standards/marcxml/schema/MARC21slim.xsd">
   <leader>00925njm 22002777a 4500</leader>
   <datafield ind2=" " ind1=" " tag="042">
      <subfield code="a">dc</subfield>
   </datafield>
   <datafield ind2=" " ind1=" " tag="720">
      <subfield code="a">Báscones Carretero, Juan Carlos</subfield>
      <subfield code="e">author</subfield>
   </datafield>
   <datafield ind2=" " ind1=" " tag="260">
      <subfield code="c">1982</subfield>
   </datafield>
   <datafield ind2=" " ind1=" " tag="520">
      <subfield code="a">A la vista de las lagunas existentes en el "Atlas florae europaeae" I, 1972, dentro del área vasco-navarra, hemos creído oportuno reunir en esta publicación aquellas nuevas citas de Pteridófitos encontrados en Navarra húmeda. Con este mismo propósito, adjuntamos algunas localidades vizcaínas que cubren casillas vacantes del mencionado Atlas.</subfield>
   </datafield>
   <datafield ind2=" " ind1=" " tag="520">
      <subfield code="a">The Baske Lands country shows a great variety of Pteridophyta. In the present paper we comment some localities for taxa found in the wet part of Navarra and Vizcaya, which must be added to the U.T.M. grid of "Atlas florae europaeae".</subfield>
   </datafield>
   <datafield ind1="8" ind2=" " tag="024">
      <subfield code="a">Acta Botánica Malacitana, Nº 7&#xd;
, 1982, Págs. 199&#xd;
-202</subfield>
   </datafield>
   <datafield ind1="8" ind2=" " tag="024">
      <subfield code="a">02109506</subfield>
   </datafield>
   <datafield ind1="8" ind2=" " tag="024">
      <subfield code="a">http://hdl.handle.net/10630/3657</subfield>
   </datafield>
   <datafield ind2="0" ind1="0" tag="245">
      <subfield code="a">Pteridófitos de la Navarra húmeda</subfield>
   </datafield>
</record>
</metadata></record></GetRecord></OAI-PMH>